000 00442nam a2200181Ia 4500
001 2902
005 20260306144841.0
008 260306t2008||||xx |||||||||||||| ||spa||
041 _aESP
082 _a232.1
_bA78
100 _aArtigas, Mariano
_eAUT
245 0 _aOrigen del hombre:
_bciencia, filosofía y religión
260 _c2008
300 _a199 páginas :
_c22 cm.
650 _aGEN
654 _aCHU
942 _cLIB
_dJUS
_fJUS
_2ddc
_n
999 _c2902
_d2902